Principles of Environmental SCIENCE Inquiry and Applications (Record no. 5610)

MARC details
005 - DATE AND TIME OF LATEST TRANSACTION
control field 20250627115835.0
020 ## - INTERNATIONAL STANDARD BOOK NUMBER
International Standard Book Number 978-0-07-330446-5
082 ## - DEWEY DECIMAL CLASSIFICATION NUMBER
Classification number 363.7 CUN
100 ## - MAIN ENTRY--PERSONAL NAME
Author name CUNNINGHAM,William P
245 ## - TITLE STATEMENT
Title Principles of Environmental SCIENCE Inquiry and Applications
250 ## - EDITION STATEMENT
Edition statement 4th Ed
260 ## - PUBLICATION, DISTRIBUTION, ETC.
Place of publication, distribution, etc. Boston
Name of publisher, distributor, etc. Higher Education
Date of publication, distribution, etc. 2008
300 ## - PHYSICAL DESCRIPTION
Extent xxii,410p.;illFigure,picture
Other physical details Appendix,Glossary
Dimensions 27cm
700 ## - ADDED ENTRY--PERSONAL NAME
Other authors/Editors Mary Ann Cunningham.
942 ## - ADDED ENTRY ELEMENTS (KOHA)
Source of classification or shelving scheme Dewey Decimal Classification
Koha item type Books
Holdings
Date last seen Total checkouts Full call number Barcode Cost, replacement price Price effective from Koha item type Lost status Source of classification or shelving scheme Damaged status Not for loan Withdrawn status Home library Current library Shelving location Date acquired Source of acquisition Cost, normal purchase price
06/27/2025   363.7 CUN MZA0002547 360000.00 06/27/2024 Books   Dewey Decimal Classification       CBE Mwanza CBE Mwanza General Collection 06/27/2024 Library Budget 120000.00
06/27/2025   363.7 CUN MZA0002548 360000.00 06/27/2024 Books   Dewey Decimal Classification       CBE Mwanza CBE Mwanza General Collection 06/27/2024 Library Budget 120000.00
06/27/2025   363.7 CUN MZA0002549 360000.00 06/27/2024 Books   Dewey Decimal Classification       CBE Mwanza CBE Mwanza General Collection 06/27/2024 Library Budget 120000.00
06/27/2025   363.7 CUN MZA0002550 360000.00 06/27/2024 Books   Dewey Decimal Classification       CBE Mwanza CBE Mwanza General Collection 06/27/2024 Library Budget 120000.00
06/27/2025   363.7 CUN MZA0002551 360000.00 06/27/2024 Books   Dewey Decimal Classification       CBE Mwanza CBE Mwanza General Collection 06/27/2024 Library Budget 120000.00